| 000 | 00628nam a22001697a 4500 | ||
|---|---|---|---|
| 008 | 160420b xxu||||| |||| 00| 0 eng d | ||
| 020 | _a9789710445004 | ||
| 082 |
_22006 _aDFil 658.4033 _bSi7 |
||
| 100 |
_95957 _aSirug, Winston S. |
||
| 245 |
_aQuantitative techniques for business: _boperations research/ management science quantitative/decision science/ _cWinston S. Sirug |
||
| 260 |
_aManila: _bMindshapers Co.,Inc., _cc2006. |
||
| 300 |
_aviii, 346 pages: _billustrations; _c25 cm. |
||
| 500 | _aInclude bibliography | ||
| 650 | 0 |
_95958 _aManagement _xMathematical models |
|
| 650 | 0 |
_95959 _aProblem solving |
|
| 942 |
_2ddc _cDFIL |
||
| 999 |
_c1867 _d1867 |
||